Educar con calidad y equidad. Los dilemas del siglo XXI

-д хадгалсан:
Номзүйн дэлгэрэнгүй
Үндсэн зохиолч: Darling-Hammond, Linda (Зохиогч)
Формат: Ном
Хэл сонгох:испани
Хэвлэсэн: Santiago, Chile Fundación Chile 2012
Нөхцлүүд:
Шошгууд: Шошго нэмэх
Шошго байхгүй, Энэхүү баримтыг шошголох эхний хүн болох!

MARC

LEADER 00000cam a2200000 a 4500
001 UCF7984
003 CL-VaPUC
005 20210617001543.0
008 130718e20120000CL |||||||||||||||||spa|d
999 |c 352689  |d 352687 
020 |a 9789568200268 
040 |c Pontificia Universidad Católica de Valparaíso 
082 0 4 |a 370.1 DAR 2012  |2 21 
100 0 |a Darling-Hammond, Linda  |e author  |9 570069 
245 1 0 |a Educar con calidad y equidad.  |b Los dilemas del siglo XXI 
260 |a Santiago, Chile   |b Fundación Chile  |c 2012 
300 |a 200 páginas  
500 |a c.3 Donacón VRA-N. Vásquez 
583 |a last modification  |c 20160913 11:19:25  |k Rodrigo Vera 
650 0 |a Filosofía de la educación   |9 258384 
650 0 |a Calidad de la educación   |9 307271 
650 0 |a Igualdad de oportunidades  |9 331873 
650 0 |a Política gubernamental  |9 262286 
650 0 |a Reforma educacional   |9 256319 
942 |c BK  |2 ddc 
945 |d 20130718 00:00:00  |a cmena 
952 |0 0  |1 0  |4 0  |6 370_100000000000000_DAR_2012  |7 0  |8 X  |9 457294  |a FDOBUD  |b FDOBUD  |d 2019-11-22  |i 496568K  |o 370.1 DAR 2012  |p 496568K  |r 2019-11-22  |w 2019-11-22  |y BK_X  |k BUD 
952 |0 0  |1 0  |3 erb  |4 0  |6 370_100000000000000_DAR_2012  |7 0  |8 A  |9 457295  |a BIBING  |b BIBING  |i 5295017  |o 370.1 DAR 2012  |p 5295017  |r 2025-01-20  |w 2019-11-22  |y BK  |z Catalogado en:20160701  |k GEO 
952 |0 0  |1 0  |2 ddc  |4 0  |6 370_100000000000000_DAR_2012  |7 0  |8 A  |9 577779  |a BIBHIS  |b BIBHIS  |d 2021-05-18  |i 5620937  |o 370.1 DAR 2012  |p 5620937  |r 2025-01-20  |t 4  |w 2021-05-18  |y BK  |k HIS 
952 |0 0  |1 0  |2 ddc  |4 0  |6 370_100000000000000_DAR_2012  |7 0  |8 A  |9 577784  |a BIBHIS  |b BIBHIS  |d 2021-05-18  |i 5620864  |o 370.1 DAR 2012  |p 5620864  |r 2025-01-20  |t 3  |w 2021-05-18  |y BK  |k HIS